Statistics for Closest non bordering countries across land

Click here to take the quiz!

General Stats

  • This quiz has been taken 21 times
  • The average score is 13 of 15

Answer Stats

HintOther countryAnswer% Correct
32 KMGermanyLiechtenstein
100%
8.2 KMItalyMonaco
100%
23.2 KMNepalBangladesh
93%
42.2 KMGhanaBenin
93%
41 KMIndonesiaBrunei
93%
12.2 KMItalyCroatia
93%
16 KMTajikistanPakistan
93%
22 KMIsraelSaudi Arabia
93%
32 KMEgyptSaudi Arabia
93%
145 MNamibiaZimbabwe
93%
32 KMBotswanaAngola
87%
19 KMIranKuwait
87%
40 KMKazakhstanMongolia
87%
23.5 KMCroatiaAustria
80%
34 KMIndia?Tajikistan
60%

Score Distribution

Percentile by Number Answered

Percent of People with Each Score

Your Score History

You have not taken this quiz